| 000 | 00513nam a2200181Ia 4500 | ||
|---|---|---|---|
| 008 | 151018s9999 xx 000 0 und d | ||
| 082 |
_bRBASDV29240 _a891.463 |
||
| 100 | _aशिरीष पै | ||
| 245 | _a"मी, माझे.मला" | ||
| 250 | _b2 | ||
| 260 |
_bडिंपल _c1994 |
||
| 300 | _a197 | ||
| 600 | _aशिरीष पै | ||
| 630 | _a"मी, माझे.मला" | ||
| 700 | _aशिरीष पै | ||
| 730 | _a"मी, माझे.मला" | ||
| 942 | _cBOOK | ||
| 999 |
_c1028805 _d1028802 |
||